Build your own postscript laser and save a bundle

Bibliographic Details
Main Author: La Badie, Horace W
Format: Book
Published: Blue Ridge Summit : Windcrest , 1991
Subjects:

MARC

LEADER 00000cam a2200000 7i4500
001 0000003151
002 000003407
005 20000330.0
020 |a 0830637389 
090 0 0 |a 681.62   |b LAB 
100 1 |a La Badie, Horace W 
245 1 0 |a Build your own postscript laser and save a bundle   |c Horace W.La Badie 
260 |a Blue Ridge Summit :   |b Windcrest ,   |c 1991 
300 |a 149p. ;   |c 24cm. 
650 0 0 |a Laser printers   |x Design and construction 
999 |a 036742   |b BUKU   |c PINJAMAN   |e PERPUSTAKAAN KOMUNITI PETALING JAYA 
999 |a 036743   |b BUKU   |c PINJAMAN   |e PERPUSTAKAAN KOMUNITI PETALING JAYA